00630nam a22001937a 450000500170000000800410001701000150005802000260007303500130009903700130011204000130012510000250013824500870016326000460025027000470029630000250034350000500036870000180041820111227104615.0111227t xxu||||| |||| 00| 0 eng d aENG-104524 a9788184504217c780.00 aEN-88057 bDBAD/PUB aDPLbEng aKaushal, Vijay Kumar00aTrade in Himachal region of Himalayas /cby Vijay Kumar Kaushal [and] Kunal Sharma aNew DelhibDeep & Deep Publicationsc2012 aF-159, Rajouri Garden, bNew Delhie110027 axiv,165p.c22cm (Hb) aIncludes bibliographical references and index aSharma, Kunal